Desarrollo local : teorías y estrategias / teorías y estrategias /
ISBN:
84-470-1900-4
Descripción Física:
339 pàgines : il·lustracions ; 20 cm
Otros Autores:
Becattini, Giacomo, 1927-
,
Costa, M. Teresa (Maria Teresa), 1951-
,
Trullén i Thomàs, Joan
Idioma:
Catalán
MARC
| LEADER | 00000nam a2200000uc 4500 | ||
|---|---|---|---|
| 001 | 20011364 | ||
| 008 | s2002||||sp ||||gr|||| ||| ||cat|d | ||
| 020 | |a 84-470-1900-4 | ||
| 040 | |a BGR |b cat | ||
| 245 | 0 | 0 | |a Desarrollo local : |b teorías y estrategias / |c Giacomo Becattini, María Teresa Costa, Joan Trullén (dirección y coordinación) |
| 260 | |a Barcelona: |b Diputació. Xarxa de Municipis : |b Madrid : |b Civitas, |c 2002 | ||
| 300 | |a 339 pàgines : |b il·lustracions ; |c 20 cm | ||
| 490 | 0 | |a Biblioteca Civitas economía y empresa. Economía | |
| 650 | 1 | 0 | |a Desenvolupament local |9 6453 |
| 650 | 1 | 0 | |a Globalització econòmica |9 9502 |
| 650 | 1 | 0 | |a Desenvolupament urbà |9 32328 |
| 700 | |9 53652 |a Becattini, Giacomo, |d 1927- |e editor | ||
| 700 | |9 53653 |a Costa, M. Teresa |q (Maria Teresa), |d 1951- |e editor | ||
| 700 | |9 34661 |a Trullén i Thomàs, Joan |e editor | ||
| 710 | 1 | |a Barcelona (Catalunya : Província). |b Diputació |9 52408 | |
| 942 | |c ARXIU |2 udc |n 1 | ||
| 952 | |0 0 |1 0 |4 0 |7 1 |9 62571 |a Arxiu |b Arxiu |d 2022-06-29 |o Bib-729 |p 26089 |r 2022-06-29 00:00:00 |w 2022-06-29 |y ARXIU |z Donatiu BGR | ||
| 999 | |c 19314 |d 19314 | ||